| Поле | Название | Значение |
| |
Тип записи |
g |
| |
Библиографический уровень |
m |
| 001 |
Контрольный номер |
RU/IS/BASE/472235970 |
| 005 |
Дата корректировки |
20201206204935.7 |
| 010 |
Индекс ISBN |
__ |
| d |
Цена |
100-00; 150-00 |
| 100 |
Данные общей обработки |
__ |
| a |
Данные общей обработки |
19141218d2009||||||| 0rusy0189 ca |
| 101 |
Язык документа |
0_ |
| a |
Язык текста |
rus |
| 102 |
Страна публикации |
__ |
| a |
Страна публикации |
ru| |
| 105 |
Кодированные данные (монография) |
__ |
| a |
Кодированные данные (монография) |
|||||||||||zy |
| 127 |
Кодированные данные (звукозаписи-физические характеристики) |
__ |
| a |
Продолжительность проигрывания |
44 мин |
| 200 |
Заглавие и сведения об ответственности |
1_ |
| a |
Заглавие |
Как Пушкин с Гоголем породнились... |
| e |
Сведения, относящиеся к заглавию |
научно-популярный фильм : [12+] |
| f |
Первые сведения об ответственности |
[Всероссийский музей А. С. Пушкина ; автор сценария Сергей Некрасов ; режиссер Константин Артюхов ; оператор Сергей Циханович ; композитор Юрий Симакин ; продюсер Галина Маркова ; текст читает Николай Буров] |
| b |
Общее обозначение материала |
Видеозапись |
| 210 |
Выходные данные |
__ |
| a |
Место издания |
Санкт-Петербург |
| c |
Издательство |
Кинокомпания "Кинор" |
| d |
Дата издания |
2009 |
| 215 |
Физическое описание |
__ |
| a |
Объем |
1 электрон. опт. диск (DVD-Video) |
| c |
Иллюстрации/тип воспроизводства |
stereo, mp3 |
| d |
Формат |
12x14 см |
| 230 |
Специфическая характеристика материала: электронные ресурсы |
__ |
| a |
Обозначение и объем ресурса |
Электронные видеоданные |
| 300 |
Общие примечания |
__ |
| a |
Общие примечания |
Дар Всероссийского музея А. С. Пушкина |
| 300 |
Общие примечания |
__ |
| a |
Общие примечания |
Пушкиниана |
| 323 |
Примечание о главных создателях, исполнителях, участниках |
__ |
| a |
Примечание о главных создателях, исполнителях, участниках |
Буров, Н. (читает) |
| 330 |
Аннотация |
__ |
| a |
Аннотация |
Фильм посвящен судьбам потомков Пушкина и Гоголя. Многие из них после гражданской войны вынуждены были покинуть родину, и оказались в эмиграции. Одна из двенадцати внучек Пушкина, Мария Александровна, дочь старшего сына поэта, вышла замуж за племянника Гоголя, Николая Владимировича Быкова, сына сестры Гоголя. Будущие супруги познакомились в Вильно (ныне Вильнюс). Они обвенчались в 1881 году под Москвой. Супружество внучки Пушкина и племянника Гоголя оказалось счастливым. У них было 10 детей. От них пошел род, объединивший двух великих петербуржцев. Съемки фильма начались в мае 2008 года во Франции, а затем продолжались в России, на Украине. Автор сценария - директор Всероссийского музея Пушкина Сергей Некрасов. |
| 333 |
Примечание о целевом назначении |
__ |
| a |
Примечание о целевом назначении |
12+. Для детей старше 12 лет |
| 337 |
Примечание о системных требованиях (электронные ресурсы) |
__ |
| a |
Примечание о системных требованиях (электронные ресурсы) |
Системные требования: MS Windows ; Pentium 100 ; RAM 16 Mb ; SVGA 800x600 ; DVD-ROM ; звуковая карта ; колонки или наушники ; мышь ; или DVD-плеер |
| 600 |
Персоналии |
__ |
| a |
Персоналии (Фамилия) |
Пушкин, А. С. |
| c |
Дополнение к имени |
поэт русский |
| f |
Даты |
1799-1837 |
| g |
Полное имя |
Александр Сергеевич |
| 600 |
Персоналии |
__ |
| a |
Персоналии (Фамилия) |
Гоголь, Н. В. |
| c |
Дополнение к имени |
писатель русский |
| f |
Даты |
1809-1852 |
| g |
Полное имя |
Николай Васильевич |
| 606 |
Тематические рубрики |
__ |
| a |
Основная рубрика |
Литературоведение |
| 606 |
Тематические рубрики |
__ |
| a |
Основная рубрика |
Русская литература XIX в. |
| 610 |
Ключевые слова |
__ |
| a |
Ключевые слова |
биографии |
| a |
Ключевые слова |
биографические материалы |
| a |
Ключевые слова |
видеофильмы |
| a |
Ключевые слова |
документальные фильмы |
| a |
Ключевые слова |
научно-популярные фильмы |
| a |
Ключевые слова |
персоналии |
| a |
Ключевые слова |
писатели |
| a |
Ключевые слова |
потомки |
| a |
Ключевые слова |
поэты |
| a |
Ключевые слова |
родословная |
| 686 |
Индексы других классификаций |
__ |
| 2 |
Код системы |
rubbks |
| a |
Классификационный индекс |
83.3(2=411.2)53-8я04 |
| 702 |
Вторичная интеллектуальная ответственность |
_1 |
| a |
Фамилия |
Некрасов |
| b |
Имя |
С. |
| 4 |
Код отношения |
Сценарист |
| 4 |
Код отношения |
690 |
| 702 |
Вторичная интеллектуальная ответственность |
_1 |
| a |
Фамилия |
Артюхов |
| b |
Имя |
К. |
| 4 |
Код отношения |
Режиссер |
| 4 |
Код отношения |
070 |
| 702 |
Вторичная интеллектуальная ответственность |
_1 |
| a |
Фамилия |
Циханович |
| b |
Имя |
С. |
| 4 |
Код отношения |
Оператор |
| 4 |
Код отношения |
600 |
| 702 |
Вторичная интеллектуальная ответственность |
_1 |
| a |
Фамилия |
Симакин |
| b |
Имя |
Ю. |
| 4 |
Код отношения |
Композитор |
| 4 |
Код отношения |
230 |
| 702 |
Вторичная интеллектуальная ответственность |
_1 |
| a |
Фамилия |
Маркова |
| b |
Имя |
Г. |
| 4 |
Код отношения |
Продюсер |
| 4 |
Код отношения |
570 |
| 711 |
Наименование организации. (Альтернативная ответственность) |
__ |
| a |
Организация/ юрисдикция |
Всероссийский музей А. С. Пушкина |
| 711 |
Наименование организации. (Альтернативная ответственность) |
__ |
| a |
Организация/ юрисдикция |
Министерство культуры РФ |
| 801 |
Источник записи |
_0 |
| a |
Страна |
ru |
| b |
Организация |
Муниципальное бюджетное учреждение культуры "Централизованная библиотечная система" г. Сургут (Центральная городская библиотека им. А. С. Пушкина) |
| c |
Дата составления |
20141218 |
| g |
Правила каталогизации |
КиК/Котельникова; КиК/Лукашук; КиК/Коробейникова |
| 801 |
Источник записи |
_1 |
| a |
Страна |
ru |
| b |
Организация |
Муниципальное бюджетное учреждение культуры "Централизованная библиотечная система" г. Сургут (Центральная городская библиотека им. А. С. Пушкина) |
| c |
Дата составления |
20141218 |
| g |
Правила каталогизации |
КиК/Котельникова; КиК/Лукашук; КиК/Коробейникова |
| 852 |
Данные о местонахождении |
__ |
| j |
Шифр хранения |
83.3(2=411.2)53-8я04 |
| i |
Авторский знак |
К 16 |
| 901 |
Тип документа |
__ |
| t |
Тип документа |
0 |
| 903 |
Характеристики (МАРС) |
__ |
| a |
Дата передачи |
20150716; 20150211; 20141218 |
| 990 |
Данные о заказе (DOS) |
__ |
| j |
Количество экземпляров (DOS) |
1; 1; 1 |
| t |
N записи в КСУ для И/У (DOS) |
201507; 201502; 201501 |